000 00866nam a2200241 i 4500
003 IT-RoINE
005 20201021063137.0
008 970922s1977 it r 1 | ita d
040 _aSpMaBN
_cIT-RoINE
_dIT-RoINE
100 1 _940512
_aScipioni, Luigi I.,‏
_d1927-‏
245 1 0 _aVescovo e popolo :
_bl'esercizio dell'autorità nella chiesa primitiva (III secolo) /
_cLuigi I. Scipioni.
260 _aMilano :
_bVita e pensiero,
_c1977.
300 _a224 p. ;
_c22 cm.
336 _2rdacontent
_atext
337 _2rdamedia
_aunmediated
338 _2rdacarrier
_avolume
490 1 _aScienze religiose ;
_v3
504 _aBibliografía en notas.
650 0 _943128
_aIglesia
_xHistoria
_yca. 30-600 (Iglesia primitiva)
_xFuentes
650 4 _aEpiscopado
_ySiglo 3o.
_951681
_xFuentes
830 0 _951682
_aScienze religiose (Vita e pensiero)
_v3
942 _cMTS
999 _c26092
_d26092